| 000 | 00480cam a22001337a 4500 | ||
|---|---|---|---|
| 008 | 180718b1957 xxu||||| |||| 00| 0 eng d | ||
| 082 | _aK8 AM35c/c.3 | ||
| 100 | _aGeorge h.haas and elizabeth r.floyd | ||
| 245 |
_aCompany severance pay plans _cby h.haas.george and r.floyd.elizabeth |
||
| 260 |
_aNew york _bAmerican management assoiation,inc. _c1957 |
||
| 300 | _a47p. | ||
| 650 | _aPersonnel Management/American Management Association. | ||
| 700 | _aAmerican management associatio | ||
| 999 |
_c442639 _d442639 |
||